| 000 | 00957nam0a22002651 4500 | ||
|---|---|---|---|
| 001 | rc\4796552 | ||
| 005 | 20250612220149.0 | ||
| 021 |
_aRU _b[67-106148] |
||
| 035 | _a(NLR Aleph) 008869544 | ||
| 090 |
_a8512556 _c8512556 |
||
| 100 | _a20130426d1967 |||y0rusy50 ca | ||
| 101 | 0 | _arus | |
| 102 | _aRU | ||
| 105 | _aa b |||a| | ||
| 200 | 1 |
_aКто ты, Ленька? _a[Два дня _aДом над катакомбами _eПовести _eДля сред. и ст. школьного возраста] _fХудож. Н. Самборский |
|
| 210 |
_aКишинев _cКартя молдовеняскэ _d1967 |
||
| 215 |
_a110 с. _cил. _d17 |
||
| 606 |
_aПодростки в СССР (д. л.) _2psbo |
||
| 700 | 1 |
_aШапошникова _bС.С. _f1927- _gСофья Сауловна |
|
| 702 | 1 |
_aСамборский _bН. _4440 |
|
| 801 | 0 |
_aRU _bNLR _gpsbo |
|
| 801 | 1 |
_aRU _bELAR _2rusmarc |
|
| 852 |
_aNLR _j68-2/244 |
||
| 942 | _cBOOK | ||
| 980 | _aNB | ||